000 01158nam0a2200361 i 4500
001 RU\NLR\BIBL_A\010346126
005 20260406121312.0
010 _a9785699705399
_95000
021 _aRU
_b2014-12677
_9821
035 _a(NILC)RuMoRGB-006743575
035 _a(NLR Aleph) 010346126
090 _a10724533
_c10724533
100 _a20140422d2014 u y0rusy50 ca
101 0 _arus
102 _aRU
105 _ay|||z||||00ay
200 1 _aНезапертая дверь
_fАлександра Маринина
210 _aМосква
_cЭксмо
_d2014
215 _a509, [1] с.
_d16
225 1 _aБольше чем детектив
320 _aДр. произведения авт. на с. 2
333 _a16+
675 _a821.161.1-31
686 2 _aШ6(2=Р)75-446
700 1 _8rus
_7ca
_aМаринина
_bА. Б.
_gАлександра Борисовна
_f1957-
_3RU\NLR\AUTH\77515
_9110564
801 0 _aRU
_bRuMoRKP
_c20110214
_gRCR
801 2 _aRU
_bРГБ
_c20140221
_grcr
801 1 _aRU
_bRuMoRKP
_c20110214
_2rusmarc
942 _cBOOK
980 _aNBR